000 00679nam a2200241 i 4500
001 C2-0282605
003 PPAK
005 20180728012922.0
008 071016s2002 nyua|||| ||||| | eng d
020 _a1402707975
040 _aPPAK
_beng
_cPPAK
_erda
082 0 4 _a668.12
_223
090 0 0 _a668.12
_bBRO
_dR
100 1 _aBrowning, Marie,
_eauthor
245 1 0 _a300 handcrafted soaps :
_bgreat melt and pour projects
264 1 _aNew York :
_bSterling Publishing ,
_c2002
300 _a144 pages :
_bcolour illustrations ;
_c25 cm
336 _2rdacontent
_atext
337 _2rdamedia
_aunmediated
338 _2rdacarrier
_avolume
650 1 0 _aSoap
942 _ddc
_cB
999 _c88834
_d88834